000 00507cam a22001934a 4500
005 20250605163610.0
008 250528s ||||||||||||||||||||||||d
035 _a22500
020 _a9789603445968
040 _aGR-AtMCL
_bgre
_dGR-AtMCL
_eAACR2
245 1 _aΨΥΧΟΔΙΑΓΝΩΣΤΙΚΕΣ ΜΕΘΟΔΟΙ
250 _a2
260 _bΕλληνικά Γράμματα,
_c1998
300 _a429
700 1 _aΜελλον Ρομπερτ
942 _cBK
999 _c7552
_d7552